Datum a čas kvízu

33 Celkem bodů Celkový počet nahraných bodů na tomto kvízu bez doplňovacích otázek.
6. Pořadí na kvízu Konečné umístění týmu na tomto kvízu.

Zaznamenané odpovědi

# Otázka Odpověď Body Výsledky
1. "Po ___ společných letech plný... třiceti 1
2. Záplavy minulý týden velmi ztí... Dubaj 1
3. Devětadvacetiletý Nigerijec Tu... hrál šachy 0
4. Abstraktní obraz Conception/Da... František Kupka 0
5. Ligová fotbalová asociace zveř... Chance 0
6. Bolívie má, stejně jako několi... Sucre; La Paz 1
7. Které evropské hlavní město se... Oslo 0
8. Nyní vám dáme na výběr, zda si... Windhoek; Manila 1
9. Které malebné a nepříliš lidna... Lublaň 1
10. Napište, které hlavní město (s... Reykjavík; Wellington 1